Autobahnausfahrten A9 (Österreich) - Statistiken

Allgemein
  • Dieses Quiz wurde 16 mal gespielt
  • Das Durchschnittsergebnis liegt bei 10 aus 34
Antwortstatistiken
Hint Antwort % Korrekt
Oberösterreich Inzersdorf/Kirchdorf
67%
Steiermark Leibnitz
67%
Steiermark Liezen
60%
Oberösterreich Roßleithen/Windischgarsten
60%
Steiermark Graz-Nord
53%
Steiermark Kalsdorf
47%
Steiermark Rottenmann
47%
Steiermark Ardning/Admont
40%
Steiermark Sankt Michael
40%
Oberösterreich Sankt Pankraz/Hinterstoder
40%
Steiermark Seiersberg
40%
Steiermark Wildon
40%
Steiermark Lebring
33%
Steiermark Mautern
33%
Oberösterreich Spital am Phyrn
33%
Steiermark Traboch
33%
Steiermark Trieben
33%
Steiermark Kalwang/Wald am Schoberpaß
27%
Steiermark Spielfeld
27%
Steiermark Treglwang
27%
Steiermark Übelbach
27%
Oberösterreich Klaus an der Phyrnbahn
20%
Oberösterreich Ried im Traunkreis
20%
Steiermark Wundschuh
20%
Steiermark Gratkorn-Nord
13%
Steiermark Gratkorn-Süd
13%
Steiermark Graz-Webling
13%
Steiermark Kammern im Liesingtal
13%
Steiermark Schwarzlsee
13%
Steiermark Vogau/Straß
13%
Oberösterreich Gleinkerau
7%
Steiermark Schachenwald
7%
Steiermark Gersdorf
0%
Steiermark Hengsberg
0%
Keine übereinstimmenden Quizze gefunden
Verteilung der Resultate
Anzahl Personen mit jedem Resultat
Perzentil nach korrekt beantworteten Fragen
Ihre Resultats-Entwicklung
Sie haben dieses Quiz noch nicht gespielt